Países más Cercanos a Chile - Estadísticas

Estadísticas generales
  • Esta prueba ha sido intentada 124 veces
  • La puntuación promedio es 17 de 20
Estadísticas de respuestas
Distancia (km) Distancia (mi) País % Correcto
0 0 Argentina
100%
0 0 Bolivia
99%
0 0 Perú
99%
707 439 Brasil
98%
455 283 Paraguay
98%
1,048 651 Uruguay
98%
2,047 1,272 Venezuela
97%
1,720 1,069 Ecuador
96%
1,469 913 Colombia
95%
2,371 1,473 Guyana
94%
2,574 1,600 Surinam
90%
2.887 1,794 Panamá
87%
2,550 1,584 Francia / Polinesia Francesa
83%
3,185 1,979 Costa Rica
81%
3,498 2,174 Nicaragua
79%
488 303 Reino Unido / Islas Malvinas
69%
3,157 1,962 Trinidad y Tobago
66%
3,284 2,041 Países Bajos / Curazao
60%
3,438 2,136 San Vicente y las Granadinas
54%
3,393 2,108 Granada
52%
No se encontraron pruebas coincidentes
Distribución de puntuación
Porcentaje de gente con cada puntuación
Porcentaje por número respondido
Historial de tus puntuaciones
No has intentado esta prueba.